03981cam a22004574a 450000100090000000300040000900500170001300800410003001000170007101500190008801500190010701600200012601600180014602000260016402000230019003500240021304000660023704200080030305000230031106000150033406000220034908200150037108400170038611101040040324501350050726001030064230000650074550001770081050400510098750511430103850510030218165000380318465000380322265000580326065000520331865000490337065000360341970000210345570000220347670000250349815461063OSt20170120104840.0080922s2009 njuaf b 101 0 eng  a 2008041827 aGBA8855112bnb aGBA8855112dnb7 a1014848992DNLM7 a0146621222Uk a9780470193402 (cloth) a0470193409 (cloth) a(OCoLC)ocn256770428 aDNLM/DLCcDLCdNLMdC#PdUKMdYDXCPdBAKERdBTCTAdDEBBGdDLC apcc00aR857.M3bI525 200600a2009 K-78010aQT 37bI614a 200900a610.28222 aYI 32052rvk2 aInternational Conference on Design of Biomaterialsd(2006 :cIndian Institute of Technology Kanpur)10aAdvanced Biomaterials :bFundamentals, Processing, and Applications /cedited by Bikramjit Basu, Dhirendra Katti, and Ashok Kumar. aHoboken, N.J. :bJohn Wiley & Sons ;a[Westerville, Ohio] :bThe American Ceramic Society,cc2009. axxii, 746 p., [8] p. of plates :bill. (some col.) ;c25 cm. aThis volume is an outcome of the International Conference on Design of Biomaterials, organised at Indian Institute of Technology Kanpur, India during 8-11th December, 2006. aIncludes bibliographical references and index.0 aFundamentals of biomaterials and biocompatibility / Bikramjit Basu and Shekhar Nath -- Fundamentals of hydroxyapatite and related calcium phosphates / Racquel Zapanta LeGeros ... [et al.] -- Materials for orthopedic applications / Shekhar Nath and Bikramjit Basu -- The micro macroporous biphasic calcium phosphate concept for bone reconstruction and tissue engineering / Guy Daculsi, Franck Jegoux, and Pierre Layrolle -- Science and technology integrated titanium dental implant systems / Yoshiki Oshida and Elif Bahar Tuna -- Injectable hydrogels as biomaterials / Lakshmi S. Nair, Cato T. Laurencin, and Mayank Tandon -- Nanomaterials for improved orthopedic and bone tissue engineering applications / Lijie Zhang ... [et al.] -- Introduction to processing of biomaterials / Dhirendra S. Katti ... [et al.] -- Laser processing of orthopedic biomaterials / Rajarshi Banerjee and Soumya Nag -- Functionally graded all ceramic hip joint / Omer Van der Biest ... [et al.] -- Medical devices based on bioinspired ceramics / Pío González ... [et al.] -- Ionomer glasses : design and characterization / Artemis Stamboulis and Fei Wang --0 aDesigning nanofibrous scaffolds for tissue engineering / Neha Arya, Poonam Sharma, and Dhirendra S. Katti -- Design of supermacroporous biomaterials via gelation at subzero temperatures-cryogelation / Fatima M. Plieva ... [et al.] -- Biomaterial applications / Ashok Kumar, Akshay Srivastava, and Era Jain -- Cell-based nanocomposites and biomolecules for bone tissue engineering / Michelle Ngiam ... [et al.] -- Orthopedic interface tissue engineering : building the bridge to integrated musculoskeletal tissue systems / Helen H. Lu, Kristen L. Moffat, and Jeffrey P. Spalazzi -- Cells of the nervous system and electrical stimulation / Carlos Atico Ariza and Surya K. Mallapragada -- Placental umbilical cord blood : a true blood substitute / Niranjan Bhattacharya -- Supported cell mimetic monolayers and their blood compatibility / K. Kaladhar and Chandra P. Sharma -- Titanium nitride and diamond like carbon coatings for cardiovascular applications / C.V. Muraleedharan and G.S. Bhuvaneshwar. 0aBiomedical materialsvCongresses. 0aBiomimetic materialsvCongresses.12aBiocompatible Materialsxtherapeutic usevCongresses.22aBlood Substitutesxtherapeutic usevCongresses.22aNanostructuresxtherapeutic usevCongresses.22aTissue EngineeringvCongresses.1 aBasu, Bikramjit.1 aKatti, Dhirendra.1 aKumar, Ashok,d1963-